000 00891cam a2200289 a 4500
001 2609
005 20240108092318.0
020 _a9780689840081
040 _aUUC
_cUUC
_dDLC
_beng
050 0 0 _aPZ7.W1173
_b 2000
082 0 0 _a793.7
100 1 _aWade, Lee
245 1 4 _aThe Cheerios Christmas play book /
_cby Lee Wade
260 _aNew York :
_bLittle Simon,
_c2000
300 _a12 unnumbered pages :
_bcolor illustrations ;
_c20 cm .
500 _aCover title.
500 _aOn board pages.
505 _aF
520 _aInteractive book with places to add the dry cereal "Cheerios" to complete the picture.
521 _a300
_bLexile
521 _aF
_bRaz-Plus
650 0 _aToy and movable books
_vSpecimens.
650 1 _aChristmas
_vFiction.
650 1 _aToy and movable books.
906 _a7
_bcbc
_ccopycat
_d2
_encip
_f20
_gy-gencatlg
942 _2ddc
_cBK
_n0
999 _c2609
_d2609